000 00980nam a2200301Ia 4500
001 Para_7592
003 CHAP
008 220125s1910 xx 000 0 und d
010 _a206506
040 _cCHAP
082 _aPA-C 632.7 B85
100 _aWoodworth, C.W.
_9122581
245 _aThe control of the argentine ant /
_c by C.W. Woodworth
260 _aBerkeley :
_b University of California. College of Agriculture, Agricultural Experiment Station
300 _a54-82 p.
440 _aCalifornia Agr. Exp. Sta. Bulletin; 207
_9172802
500 _aEncuadernado con otros impresos similares
650 _aAgricultura
_x California
_xcolecciones de escritos
_9172776
650 _aAgricultura
_x California
_xplagas
_9172777
650 _aIrodomyrmex humills
_9172803
901 _aPA-C 632.7 B85
902 _aA
905 _a0000001910 a 0000000000 00
910 _a1910
942 _cPARA
942 _cPARA
_d1
999 _c206506
_d206506